| 000 | 01103ny a22002533n 4500 | ||
|---|---|---|---|
| 005 | 20240305165322.0 | ||
| 008 | 091211s2005 ck 000 0 eng d | ||
| 020 | _a9789588225487 | ||
| 035 | _a2548 | ||
| 040 |
_aBUS _dvLex |
||
| 090 |
_c874 _d874 |
||
| 100 | 1 | _aHolguín Mora, Tomás | |
| 245 | 1 | 0 |
_aCarlos Holguín Holguín _h[Recurso electrónico] _bEscritos / _cTomás Holguín Mora ; Paula Torres Holguín |
| 256 | _aServicio en línea. | ||
| 260 |
_aColombia : _bUniversidad del Rosario, _c2005 |
||
| 506 | 1 |
_aContenido solo disponible en los productos indicados _dvLex Global _dvLex Global (Academic Edition, excluding Law Schools) _dvLex Global (U.S. Academic Edition, Law Schools) _dvLex Global (U.S. Academic Edition, excluding Law Schools) _dvLex Global (Academic Edition, Law Schools) |
|
| 600 | 1 | _aHolguín Holguín, Carlos | |
| 650 | 0 | 4 |
_aDerecho _xDiscursos, ensayos, conferencias |
| 700 | 1 | _aTorres Holguín, Paula | |
| 710 | 2 | _aUniversidad del Rosario (Colombia) | |
| 740 | 0 | _avLex Libros (Servicios en línea) | |
| 856 | 4 | 0 | _uhttps://app.vlex.com/#/sources/2548 |
| 942 | _cRAA | ||
| 999 |
_c159387 _d159387 |
||